Statistiques concernant Pays dont le drapeau a deux couleurs

Cliquez ici pour prendre le quiz!

Statistiques générales

  • Ce quiz a été pris 110 fois
  • Le résultat moyen est 22 sur 37

Statistiques - réponses

Pays% Correct
Monaco
91%
Chine
88%
Japon
88%
Pologne
88%
Canada
83%
Danemark
81%
Suède
80%
Turquie
80%
Finlande
79%
Tunisie
79%
Grèce
77%
Indonésie
77%
Maroc
73%
Viêt Nam
71%
Suisse
69%
Ukraine
68%
Arabie Saoudite
67%
Autriche
65%
Albanie
61%
Qatar
53%
Pérou
52%
Israël
51%
Lettonie
51%
Palaos
49%
Bahreïn
47%
Bangladesh
47%
Kazakhstan
44%
Pakistan
43%
Singapour
43%
Honduras
41%
Somalie
41%
Géorgie
37%
Macédoine du Nord
37%
Micronésie
35%
Nigeria
35%
Kirghizistan
33%
Tonga
31%

Distribution des résultats

Percentile par nombre de réponses

% des personnes avec chaque résultat

Votre développement - résultats

Vous n’avez pas pris ce quiz